000 00627nam a2200241Ia 4500
003 OSt
005 20221007072005.0
006 a|||||r|||| 00| 0
007 ta
008 221006b |||||||| |||| 00| 0 eng d
024 _a12,720
037 _cTextual
040 _aFLL
_cFLL
_beng
041 _2eng
_aeng
082 _aV3:26:N4, H5
100 _aFiner Herman Au.
_9689151
245 0 _aEnglish local government
250 _a2nd
260 _aLondon
_bMethuen and co. ltd. London
_c1945
300 _a536p
_ccm.
942 _hV3:26:N4, H5
_cTEXL
_2CC
999 _c1144885
_d1144885